|
|
|
|
| LEADER |
00000nam a22000007a 4500 |
| 005 |
20200714005921.0 |
| 007 |
cr|||| ||| |
| 008 |
200714s2012 br |||||s|||| 00||0 por d |
| 020 |
|
|
|a 978-85-89917-73-5
|
| 035 |
|
|
|a 31782
|
| 040 |
|
|
|a vLex
|
| 090 |
|
|
|c 10617
|d 10617
|
| 100 |
1 |
|
|a Telles Akashi, Diogo
|
| 245 |
1 |
0 |
|a Cd̤igo de defesa do consumidor
|h [Recurso electrn̤ico] :
|b anotado /
|c Diogo Telles Akashi
|
| 256 |
|
|
|a Servicio en ln̕ea
|
| 260 |
|
|
|a San Pablo:
|b Letras Jurídicas Editora,
|c 2012
|
| 300 |
|
|
|a 1 recurso electrn̤ico
|
| 500 |
|
|
|a Em vigor desde 11 de marȯ de 1991, aps̤ uma vacatio legis de 180 dias, o Cd̤igo de Defesa do Consumidor, que completa 20 anos, foi um marco no ordenamento jurd̕ico brasileiro, tornando-se modelo para a Amřica Latina.
|
| 506 |
1 |
|
|a Disponible solo en los productos indicados
|d vLex Global
|d vLex Global (Academic Edition, excluding Law Schools)
|d vLex Global (U.S. Academic Edition, Law Schools)
|d vLex Global (U.S. Academic Edition, excluding Law Schools)
|d vLex Global (Academic Edition, Law Schools)
|
| 650 |
0 |
4 |
|a Consumidores Usuarios
|z Brasil
|
| 740 |
0 |
|
|a vLex Libros (Servicio en ln̕ea)
|
| 856 |
4 |
0 |
|u http://vlex.com/source/codigo-de-defesa-do-consumidor-anotado-31782
|z Acceso restringido
|
| 942 |
|
|
|c BOOK
|
| 999 |
0 |
|
|a Consumers Users
|